banner-ar

دليل اوائل المطبوعات العربية فى العالم حتى نهاية القرن التاسع عشر / (Record no. 52326)

MARC details
000 -الفاتح
حقل البيانات ثابتة الطول 00680nam a2200205Ia 4500
008 - عناصر البيانات ثابتة الطول - معلومات عامة
حقل البيانات ثابتة الطول 140319s9999 xx 000 0 ara d
040 ## - مصدر الفهرسة
وكالة الفهرسة الأصلية GCL /
وكالة النسخ GCL
082 04 - رقم تصنيف ديوى العشرى
رقم التصنيف 011
رقم المادة ف د
100 1# - المدخل الرئيسى - إسم شخصى
الإسم الشخصى فوزى تادرس
245 10 - بيان العنوان
العنوان دليل اوائل المطبوعات العربية فى العالم حتى نهاية القرن التاسع عشر /
بيان المسئوليه,etc فوزى تادرس
300 ## - الوصف المادى
التعداد 300 ص
490 ## - بيان السلسلة
عنوان السلسلة منشورات المجمع الثقافى
رقم المجلد/ التعيين التسلسلي 0
650 04 - المدخل الاضافى بالموضوع-مصطلح موضوعى
مصطلح موضوعي الطباعة
650 04 - المدخل الاضافى بالموضوع-مصطلح موضوعى
مصطلح موضوعي المطبوعات العربية
650 04 - المدخل الاضافى بالموضوع-مصطلح موضوعى
مصطلح موضوعي الادلة
650 04 - المدخل الاضافى بالموضوع-مصطلح موضوعى
مصطلح موضوعي الكتب العربية
650 04 - المدخل الاضافى بالموضوع-مصطلح موضوعى
مصطلح موضوعي الببليوجرافيا
942 ## - عناصر المدخل الإضافي( كوها)
مصدر التصنيف او مخطط الترفيف Dewey Decimal Classification
Koha [default] item type كتاب
Holdings
حالة التراجع حالة الفقد حالة تلف ليس للاعارة المكان المؤقت الموقع الحالى تاريخ الاكتساب اجمالي اﻻعارات رقم الطلب الباركود تاريخ اخر مشاهدة تاريخ تفعيل السعر نوع وعاء كوها
        مكتبة القاهرة الكبرى مكتبة القاهرة الكبرى 03/26/2014   011\ف د 125218 03/26/2014 03/26/2014 كتاب

Powered By

EGPV